000 00417nam a2200169 a 4500
001 0000-9176
003 ELIB.Books
008 110520 1954
035 _a(ELIB.Books)0000-9328
082 _a248
_bSwo
100 _aSwor, Chester E.
245 _aVery Truly Yours
260 _bNashville; Broadman Press
_c1954
650 _aChristian Life
942 _2ddc
_cBK
998 _cbat
_e2011-05-20
999 _c9176
_d9176